Programming multi-agent systems : (Record no. 25860)
[ view plain ]
| 000 -LEADER | |
|---|---|
| fixed length control field | 01090cam a22003015a 4500 |
| 001 - CONTROL NUMBER | |
| control field | 17727767 |
| 005 - DATE AND TIME OF LATEST TRANSACTION | |
| control field | 20201128024222.0 |
| 008 - FIXED-LENGTH DATA ELEMENTS--GENERAL INFORMATION | |
| fixed length control field | 130507t2013 gw a frb 101 0 eng d |
| 020 ## - INTERNATIONAL STANDARD BOOK NUMBER | |
| International Standard Book Number | 9783642386992 |
| 020 ## - INTERNATIONAL STANDARD BOOK NUMBER | |
| International Standard Book Number | 3642386997 |
| 040 ## - CATALOGING SOURCE | |
| Original cataloging agency | DLC |
| Language of cataloging | eng |
| Transcribing agency | DLC |
| Modifying agency | EG-ScBUE |
| 082 04 - DEWEY DECIMAL CLASSIFICATION NUMBER | |
| Edition number | 22 |
| Classification number | 006.3 |
| Item number | PRO |
| 245 00 - TITLE STATEMENT | |
| Title | Programming multi-agent systems : |
| Remainder of title | 10th International Workshop, PROMAS 2012, Valencia, Spain, June 5, 2012, revised selected papers / |
| Statement of responsibility, etc | [edited by] Mehdi Dastani, Jomi F. Huebner, Brian Logan. |
| 250 ## - EDITION STATEMENT | |
| Edition statement | 1st ed. |
| 260 ## - PUBLICATION, DISTRIBUTION, ETC. (IMPRINT) | |
| Place of publication, distribution, etc | Berlin : |
| Name of publisher, distributor, etc | Springer, |
| Date of publication, distribution, etc | c.2013. |
| 300 ## - PHYSICAL DESCRIPTION | |
| Extent | x, 244 p. : |
| Other physical details | ill. ; |
| Dimensions | 24 cm. |
| 490 0# - Series Statement | |
| Series statement | Lecture notes in artificial intelligence ; |
| Volume/sequential designation | 7837 |
| 504 ## - BIBLIOGRAPHY, ETC. NOTE | |
| Bibliography, etc | Includes bibliographical references and index. |
| 650 #7 - SUBJECT ADDED ENTRY--TOPICAL TERM | |
| Source of heading or term | BUEsh |
| Topical term or geographic name as entry element | Multiagent systems. |
| 650 #7 - SUBJECT ADDED ENTRY--TOPICAL TERM | |
| 9 (RLIN) | 3832 |
| Topical term or geographic name as entry element | Software engineering. |
| Source of heading or term | BUEsh |
| 650 #7 - SUBJECT ADDED ENTRY--TOPICAL TERM | |
| 9 (RLIN) | 529 |
| Topical term or geographic name as entry element | Artificial intelligence. |
| Source of heading or term | BUEsh |
| 651 ## - SUBJECT ADDED ENTRY--GEOGRAPHIC NAME | |
| Source of heading or term | BUEsh |
| 653 ## - INDEX TERM--UNCONTROLLED | |
| Resource For college | Informatics and Computer Science |
| -- | Generalities |
| Arrived date list | January2018 |
| 700 #7 - ADDED ENTRY--PERSONAL NAME | |
| Personal name | Dastani, Mehdi |
| Relator term | editor. |
| 700 #7 - ADDED ENTRY--PERSONAL NAME | |
| Personal name | Huebner, Jomi F. |
| Relator term | editor. |
| 700 #7 - ADDED ENTRY--PERSONAL NAME | |
| Personal name | editor, Brian, |
| Relator term | editor. |
| 942 ## - ADDED ENTRY ELEMENTS (KOHA) | |
| Source of classification or shelving scheme | Dewey Decimal Classification |
| Withdrawn status | Item status | Source of classification or shelving scheme | Damaged status | Not for loan | Vendor | Home library | Current library | Shelving location | Date acquired | Source of acquisition | Cost, normal purchase price | Serial Enumeration / chronology | Total Checkouts | Full call number | Barcode | Date last seen | Cost, replacement price | Koha item type |
|---|---|---|---|---|---|---|---|---|---|---|---|---|---|---|---|---|---|---|
| Dewey Decimal Classification | Baccah | Central Library | Central Library | Lower Floor | 04/01/2018 | Purchase | 460.00 | 2000088 | 006.3 PRO | 000047091 | 15/07/2025 | 575.00 | Book - Borrowing |